000 01229nam a2200313 a 4500
001 BRCA_3469
005 20190320204310.0
008 290409s1734----enk#---###---#000-0#eng-#
041 _aeng
044 _aenk
084 _a758
_b.F54
_c1734
100 1 _aFielding, Henry
_99047
245 1 0 _aDon Quixote in England
_cA Comedy as it is Acted at the New Theatre in the Hay-Market by Henry Fielding.
260 _aLondres
_bJ. Watts
_c1734
300 _a1 v. (en varias paginaciones)
_c21 cm.
500 _aContenido : Dedicatoria. Prólogo
500 _aEdición : Facilé quis Speret idem, sudet multum, frustraque laboret, Ausus idem
500 _aAdaptación teatral de la novela, arreglada por H. Fielding. Piel; planos orlados y lomo adornado con dorados Lúdovik Osterc
500 _aCon ex libris de : Oliver Brett
500 _aQMB27
546 _aTexto en : inglés
650 1 4 _aNovela española
_yÉpoca clásica, 1500-1700
_9215
650 1 4 _aLiteratura española
_yÉpoca clásica, 1500-1700
_9216
650 1 4 _aNovela española
_ySiglo XVII
_9217
650 1 4 _aDon Quijote (Personaje ficticio)
_eNovela
_9218
740 0 _aEl Ingenioso Hidalgo Don Quijote de la Mancha
902 _aQFM
942 _2lcc
_cB
999 _c3205
_d3205